| 000 | 00423nam a2200181Ia 4500 | ||
|---|---|---|---|
| 008 | 230524s9999 xx 000 0 und d | ||
| 020 | _a019569337X | ||
| 082 |
_a658.4 _bKOH |
||
| 100 | _aA.S.Kohli | ||
| 245 | 0 | _aPerformance Management | |
| 250 | _a4TH | ||
| 260 |
_aNEW DELHI _bOxford _c2009 |
||
| 300 | _aXVI;475 | ||
| 500 | _aQuantity Number: 30 | ||
| 650 | _aManagement | ||
| 700 | _a Tapomoy Deb | ||
| 942 | _cBK | ||
| 999 |
_c45926 _d45926 |
||